000 00746nam a2200217Ia 4500
003 GCL
008 140319s9999 xx 000 0 ara d
020 _a4075064977
040 _aGCL /
_cGCL
082 0 4 _a621.381336
_bف ا
100 1 _aفاروق محمد العامرى
245 1 0 _aاساسيات واستخدامات الليزر و الميرز = LASER AND MAZER PRINCIPALES & APPLICATIONS /
_cفاروق محمد العامرى
250 _aالاولى
260 _aالقاهرة :
_bالدار المصرية اللبنانية ،
_c1992
300 _a169 ص:
_bايض ؛
_c24 سم
490 _a
650 0 4 _aالتكنولوجيا
650 0 4 _aاشعة ليزر
650 0 4 _aالالكترونات
942 _2ddc
_cBK
999 _c38146
_d38146